"Rasguei o silêncio" (Registo nº 172)

Detalhes MARC
000 -Etiqueta do registo
Cabeçalho 00598nam0a2200217 4500
005 - Identificador da versão
Campo de controlo 20240813121756.0
021 ## - Número do Depósito Legal
Código do país PT
100 ## - Dados gerais de processamento
Dados gerais de processamento 20160307d1998 a e0pory5003 ba
102 ## - Pais de publicação ou produção
País de publicação Portugal
101 0# - Língua de publicação
Língua do texto, banda sonora, etc. Português
215 ## - Descrição física 
Indicação específica da natureza do documento e extensão da espécie 147, [3] p.
200 1# - Titulo e menção de responsabilidade
Título próprio "Rasguei o silêncio"
Primeira menção de responsabilidade Dolores Guerreiro Costa
210 ## - Publicação, Distribuição, etc. 
Lugar da edição, distribuição, etc. Portimão
Nome do editor, distribuidor, etc. [Câmara Municipal]
Data da publicação, distribuição, etc. 1998
606 ## - Nome comum usado como assunto
Número de registo de entrada de autoridade 0002007
Palavra de ordem Literatura portuguesa
Subdivisão de assunto Poesia
Código do sistema CA
675 ## - Classificação Decimal Universal (CDU)
Notação 821.134.3-1
Edição 3ª ed.
Língua da edição por
700 #1 - Nome de autor-pessoa física (responsabilidade principal)
Número de registo de entrada de autoridade 0002712
Palavra de ordem Costa
Outra parte do nome não tomada para palavra de ordem Dolores Guerreiro
966 ## - Identificação da Biblioteca
Sigla EB2,3ENM
942 ## - Elementos de entrada adicionados (Koha)
Tipo de item no Koha Livro
Exemplares
Situação do levantamento Origin of item (home branch) (coded) Biblioteca de empréstimo Código de barras Cota Circulation type (not for loan) Tipo de documento Nota do exemplar Damaged status
  Biblioteca Escolar Eng. Nuno Mergulhão Biblioteca Escolar Eng. Nuno Mergulhão BENM677 82LP-1 COS   Livro Sem mensagem